000 00450nam a2200181Ia 4500
001 3071
005 20260306144853.0
008 260306t2003||||xx |||||||||||||| ||spa||
041 _aESP
082 _a249.1
_bB74
100 _aBorobio, Dionisio
_eAUT
245 0 _aCelebrar para vivir:
_bliturgia y sacramentos de la iglesia
260 _c2003
300 _a637 páginas :
_c21 cm.
650 _aGEN
654 _aCHU
942 _cLIB
_dJUS
_fJUS
_2ddc
_n
999 _c3071
_d3071